[Event "57th Biel Rapid Open"]
[Site "Biel SUI"]
[Date "2024.07.14"]
[Round "3.17"]
[White "Jordan, Theodor"]
[Black "Moiseenko, Alexander"]
[Result "0-1"]
[BlackTitle "GM"]
[WhiteElo "1894"]
[BlackElo "2570"]
[WhiteFideId "1353152"]
[BlackFideId "14102560"]
[EventDate "2024.07.14"]
[EventType "swiss"]

1. e4 c5 2. Nf3 Nc6 3. d4 cxd4 4. Nxd4 Nf6 5. Nc3 e5 6. Nb3 Bb4 7. Bd3 Bxc3+ 8.
bxc3 d6 9. Bg5 h6 10. Bh4 Be6 11. Qf3 g5 12. Bg3 Qe7 13. h4 O-O-O 14. Qe2 Kb8
15. hxg5 hxg5 16. O-O-O Bg4 17. f3 Nh5 18. Qf2 Be6 19. Bh2 Rc8 20. g4 Nf4 21.
Bxf4 exf4 22. Qe2 Rxh1 23. Rxh1 Ne5 24. c4 Bxc4 25. Bxc4 Nxc4 26. Nd4 d5 27. Qd3
dxe4 28. fxe4 Qb4 29. Rh7 Qe1+ 30. Qd1 Qe3+ 31. Kb1 Na3+ 32. Kb2 Qc3+ 0-1

[Event "57th Biel Rapid Open"]
[Site "Biel SUI"]
[Date "2024.07.14"]
[Round "3.18"]
[White "Ganguly, Surya Shekhar"]
[Black "Harish, Neeraj"]
[Result "1-0"]
[WhiteTitle "GM"]
[BlackTitle "CM"]
[WhiteElo "2592"]
[BlackElo "2123"]
[WhiteFideId "5002150"]
[BlackFideId "30958130"]
[EventDate "2024.07.14"]
[EventType "swiss"]

1. Nf3 Nf6 2. c4 g6 3. Nc3 Bg7 4. e4 e5 5. Nxe5 O-O 6. d3 Nxe4 7. dxe4 Bxe5 8.
Bh6 Bg7 9. Bxg7 Kxg7 10. Qd4+ f6 11. h4 Nc6 12. Qd2 d6 13. Be2 Be6 14. f4 Qd7
15. O-O-O Bg4 16. h5 Bxe2 17. Qxe2 Rae8 18. c5 Qe6 19. cxd6 cxd6 20. hxg6 hxg6
21. Qd2 Rh8 22. Rxh8 Rxh8 23. Qxd6 Qxd6 24. Rxd6 Rh2 25. Rd7+ Kh6 26. Nd5 Rxg2
27. Nxf6 g5 28. fxg5+ Rxg5 29. Rxb7 Rg2 30. a3 a5 31. Rb6 Nd4 32. e5 a4 33. e6
Re2 34. e7 Nb3+ 35. Rxb3 axb3 36. e8=Q 1-0

[Event "57th Biel Rapid Open"]
[Site "Biel SUI"]
[Date "2024.07.14"]
[Round "3.19"]
[White "Sadorra, Julio Catalino"]
[Black "Toktomushev, Teimur"]
[Result "1-0"]
[WhiteTitle "GM"]
[BlackTitle "FM"]
[WhiteElo "2542"]
[BlackElo "2300"]
[WhiteFideId "5201268"]
[BlackFideId "14176726"]
[EventDate "2024.07.14"]
[EventType "swiss"]

1. d4 d5 2. c4 e6 3. g3 Nf6 4. Bg2 Be7 5. Nf3 O-O 6. Nc3 c6 7. O-O b6 8. Qd3 Ba6
9. b3 b5 10. cxb5 cxb5 11. Nxb5 Qb6 12. a4 Nc6 13. Bd2 Ne4 14. Rfc1 Nxd2 15.
Nxd2 Nb4 16. Qb1 Bxb5 17. axb5 Qxd4 18. Nc4 Rab8 19. e3 Qd3 20. Rxa7 dxc4 21.
Rxe7 cxb3 22. Bf1 Qd2 23. Rec7 Nc2 24. Rd1 Qb4 25. Qb2 Na3 26. Rc3 Qa5 27. Rxb3
Ra8 28. Ra1 1-0

[Event "57th Biel Rapid Open"]
[Site "Biel SUI"]
[Date "2024.07.14"]
[Round "3.20"]
[White "Vemparala, Nikash"]
[Black "Juksta, Karolis"]
[Result "0-1"]
[WhiteTitle "CM"]
[BlackTitle "IM"]
[WhiteElo "2150"]
[BlackElo "2400"]
[WhiteFideId "30960967"]
[BlackFideId "12809039"]
[EventDate "2024.07.14"]
[EventType "swiss"]

1. e4 e6 2. d4 d5 3. e5 c5 4. c3 Nc6 5. Nf3 Nh6 6. Bxh6 gxh6 7. Be2 f6 8. O-O
cxd4 9. cxd4 Bg7 10. Nc3 O-O 11. Qd2 fxe5 12. dxe5 Nxe5 13. Nxe5 Bxe5 14. Qxh6
Bg7 15. Qh5 Qb6 16. Bd3 h6 17. Qg6 Rf7 18. Rae1 Bd7 19. Ne2 e5 20. Qh5 Raf8 21.
Qh4 e4 22. Bb1 Qxb2 23. Qg3 Bb5 24. Qe3 a6 25. a4 Bxa4 26. Rc1 Bc6 27. Rc2 Qe5
28. Ba2 Kh8 29. Rd2 Rd7 30. Nd4 Qg5 31. Qc3 Rdf7 32. Qc2 e3 33. Ne6 Rxf2 34.
Rdxf2 exf2+ 35. Kh1 Qf5 36. Qe2 Bb5 0-1

[Event "57th Biel Rapid Open"]
[Site "Biel SUI"]
[Date "2024.07.14"]
[Round "3.21"]
[White "Macovei, Andrei"]
[Black "Arulanantham, Aneet"]
[Result "1-0"]
[WhiteTitle "IM"]
[WhiteElo "2479"]
[BlackElo "1954"]
[WhiteFideId "13904680"]
[BlackFideId "1335189"]
[EventDate "2024.07.14"]
[EventType "swiss"]

1. e4 c6 2. d4 d5 3. e5 c5 4. Nf3 cxd4 5. Qxd4 e6 6. Bd3 Ne7 7. Qf4 Ng6 8. Qg3
Nc6 9. O-O Be7 10. a3 O-O 11. Re1 Qc7 12. Nc3 a6 13. Bxg6 hxg6 14. Bf4 Na5 15.
Ng5 Bxg5 16. Qxg5 Nc4 17. Nd1 b5 18. Ne3 Qd8 19. Qg3 Nd2 20. f3 Qb6 21. Kh1 Nc4
22. Ng4 Qc5 23. Qh4 Re8 24. Bg5 Nxe5 25. Nf6+ 1-0

[Event "57th Biel Rapid Open"]
[Site "Biel SUI"]
[Date "2024.07.14"]
[Round "3.22"]
[White "Schlegel, Igor"]
[Black "Chen, Muxi"]
[Result "1-0"]
[WhiteTitle "FM"]
[WhiteElo "2233"]
[BlackElo "2030"]
[WhiteFideId "1334956"]
[BlackFideId "8626073"]
[EventDate "2024.07.14"]
[EventType "swiss"]

1. e4 c5 2. Nf3 Nc6 3. Bc4 g6 4. O-O Bg7 5. c3 e6 6. d4 cxd4 7. Nxd4 Nxd4 8.
cxd4 d5 9. exd5 exd5 10. Re1+ Ne7 11. Bb5+ Bd7 12. Bg5 f6 13. Bxd7+ Qxd7 14. Bf4
O-O 15. Nc3 Nc6 16. Qa4 Qf5 17. Bg3 a6 18. Rad1 Rfe8 19. Qb3 Nxd4 20. Qxb7 Rxe1+
21. Rxe1 Rd8 22. Qxa6 Nc2 23. Qe6+ Qxe6 24. Rxe6 d4 25. Nd1 f5 26. Kf1 Kf7 27.
Rc6 d3 28. Rc7+ Kg8 29. Bf4 Re8 30. Bd2 Bh6 31. Ne3 Bf4 32. Rd7 Bxh2 33. Rxd3
Nxe3+ 34. Bxe3 Be5 35. b4 Ra8 36. a3 Bb2 37. b5 Rxa3 38. Rxa3 Bxa3 39. b6 Bd6
40. g3 Kf7 41. b7 Ke7 42. Bc5 1-0

[Event "57th Biel Rapid Open"]
[Site "Biel SUI"]
[Date "2024.07.14"]
[Round "3.23"]
[White "Ranieri, Pierpaolo"]
[Black "Pappier, Carlos"]
[Result "1/2-1/2"]
[WhiteElo "1909"]
[BlackElo "2202"]
[WhiteFideId "893986"]
[BlackFideId "102598"]
[EventDate "2024.07.14"]
[EventType "swiss"]

1. d4 d5 2. c4 c6 3. Nc3 Nf6 4. e3 Bf5 5. cxd5 cxd5 6. Qb3 Bc8 7. Nf3 Nc6 8. Bd3
g6 9. O-O Bg7 10. h3 O-O 11. Bd2 Na5 12. Qb4 Nc6 13. Qb3 Na5 14. Qb4 Nc6 15. Qb3
Na5 1/2-1/2

[Event "57th Biel Rapid Open"]
[Site "Biel SUI"]
[Date "2024.07.14"]
[Round "3.24"]
[White "Mutter, Kevin"]
[Black "Nurgaliyeva, Zarina"]
[Result "0-1"]
[BlackTitle "WFM"]
[WhiteElo "1856"]
[BlackElo "2135"]
[WhiteFideId "1327240"]
[BlackFideId "13730096"]
[EventDate "2024.07.14"]
[EventType "swiss"]

1. c4 e5 2. g3 c6 3. Bg2 d5 4. cxd5 cxd5 5. d4 e4 6. Nc3 Nf6 7. Bg5 Nbd7 8. Qb3
Bd6 9. e3 O-O 10. Nge2 h6 11. Bf4 Nb6 12. O-O Bf5 13. Rab1 Bxf4 14. Nxf4 Qd7 15.
h3 g5 16. Nfe2 Bxh3 17. a4 Rac8 18. a5 Nc4 19. Rbd1 Nxa5 20. Qa2 Bxg2 21. Kxg2
Nc6 22. Rh1 Kg7 23. Rh3 Qf5 24. Ng1 Ng4 25. Rd2 Nb4 26. Qxa7 Nd3 27. Nd1 Rc1 28.
Qb6 Rxd1 29. Rxd1 Ndxf2 30. Rd2 0-1

[Event "57th Biel Rapid Open"]
[Site "Biel SUI"]
[Date "2024.07.14"]
[Round "3.25"]
[White "Haas, Anthony"]
[Black "Papaux, Steve"]
[Result "0-1"]
[WhiteElo "1824"]
[BlackElo "2228"]
[WhiteFideId "1346407"]
[BlackFideId "1337602"]
[EventDate "2024.07.14"]
[EventType "swiss"]

1. d4 d5 2. c4 c6 3. g3 e6 4. Nf3 dxc4 5. Bg2 Nf6 6. O-O b5 7. a4 Bb7 8. Ne5 Qc7
9. Nc3 a6 10. Bf4 Bd6 11. axb5 cxb5 12. Nxb5 axb5 13. Rxa8 Bxa8 14. Bxa8 Nd5 15.
e3 h6 16. Qh5 g5 17. Nxf7 Qxf7 18. Qxf7+ Kxf7 19. Bxd6 Nb6 20. Be4 Na4 21. Ra1
Rd8 22. Bc7 Rc8 23. Bd6 Nc6 24. Ra2 c3 25. b4 Ne7 26. Bc5 Nd5 27. Bxd5 exd5 28.
Rc2 g4 29. h3 h5 30. hxg4 hxg4 31. Kf1 Ke6 32. Ke2 Kf5 33. f3 Rh8 34. fxg4+ Ke4
35. g5 Rh3 36. Bd6 Rh2+ 37. Kd1 Nb2+ 38. Kc1 Rh1# 0-1

[Event "57th Biel Rapid Open"]
[Site "Biel SUI"]
[Date "2024.07.14"]
[Round "3.26"]
[White "Bex, Pierre-Alain"]
[Black "Mani, Thomas"]
[Result "1-0"]
[WhiteElo "2119"]
[BlackElo "1839"]
[WhiteFideId "1300814"]
[BlackFideId "1326783"]
[EventDate "2024.07.14"]
[EventType "swiss"]

1. e4 c5 2. Nf3 d6 3. c3 Nf6 4. Be2 Nc6 5. d4 cxd4 6. cxd4 g6 7. Nc3 Bg7 8. d5
Ne5 9. Nxe5 dxe5 10. Be3 O-O 11. O-O a6 12. Qb3 b5 13. h3 Rb8 14. Bd3 Bd7 15.
Ba7 Rc8 16. a4 Qc7 17. Be3 Rb8 18. axb5 Bxb5 19. Nxb5 axb5 20. Rfc1 Qd8 21. Ra7
Nh5 22. Rcc7 Bf6 23. Bxb5 Nf4 24. Qa4 Ra8 25. Bc6 Qxc7 26. Rxa8 Rxa8 27. Qxa8+
Kg7 28. b4 Ne2+ 29. Kf1 Nd4 30. Qb7 Qd6 31. Qb6 h5 32. f4 e6 33. Bxd4 exd4 34.
e5 Bxe5 35. fxe5 Qxe5 36. dxe6 Qf4+ 37. Bf3 Qc1+ 38. Kf2 Qd2+ 39. Be2 Qe3+ 40.
Ke1 Qc1+ 41. Bd1 Qe3+ 42. Kf1 Qf4+ 43. Kg1 Qe3+ 44. Kf1 Qf4+ 45. Bf3 Qc1+ 46.
Kf2 Qd2+ 47. Kg3 h4+ 48. Kxh4 Qf4+ 49. g4 g5+ 50. Kh5 1-0

[Event "57th Biel Rapid Open"]
[Site "Biel SUI"]
[Date "2024.07.14"]
[Round "3.27"]
[White "Illijin, Neboisa"]
[Black "Papaux, Jeremie"]
[Result "1-0"]
[WhiteTitle "IM"]
[WhiteElo "2141"]
[BlackElo "1808"]
[WhiteFideId "1200798"]
[BlackFideId "1340867"]
[EventDate "2024.07.14"]
[EventType "swiss"]

1. e4 e5 2. Nf3 Nc6 3. Bb5 a6 4. Ba4 Nf6 5. O-O b5 6. Bb3 Bc5 7. d3 d6 8. Bg5 h6
9. Bh4 g5 10. Bg3 Be6 11. Bxe6 fxe6 12. c3 Bb6 13. a4 Rb8 14. axb5 axb5 15. Na3
O-O 16. Nxb5 Bxf2+ 17. Bxf2 Rxb5 18. Qa4 Qb8 19. c4 Rb6 20. Bxb6 Qxb6+ 21. Kh1
g4 22. Nh4 Nd4 23. Qa7 Qxb2 24. Qxc7 Rf7 25. Qxd6 Ne8 26. Qxe5 Rf2 27. Qg3 Rxf1+
28. Rxf1 Qe2 29. Qf4 Nf6 30. Qxf6 Nf3 31. Qxe6+ Kh8 32. Qf6+ Kg8 33. Ra1 1-0

[Event "57th Biel Rapid Open"]
[Site "Biel SUI"]
[Date "2024.07.14"]
[Round "3.28"]
[White "Mkrtchyan, Anahit D."]
[Black "Szakolczai, Peter"]
[Result "0-1"]
[BlackTitle "FM"]
[WhiteElo "1831"]
[BlackElo "2188"]
[WhiteFideId "13307533"]
[BlackFideId "705624"]
[EventDate "2024.07.14"]
[EventType "swiss"]

1. Nf3 c5 2. c4 g6 3. e3 Bg7 4. d4 Nf6 5. Nc3 cxd4 6. exd4 d5 7. c5 O-O 8. Be2
Nc6 9. h3 Bf5 10. O-O h6 11. Be3 g5 12. a3 Ne4 13. Rc1 Rc8 14. b4 Nxc3 15. Rxc3
e5 16. dxe5 Nxe5 17. Bd4 f6 18. Qb3 Kh8 19. Rd1 Be4 20. Re3 Qc7 21. Nd2 f5 22.
Nf3 f4 23. Rc3 Rcd8 24. Rcc1 Rfe8 25. Qc3 a6 26. Nxe5 Bxe5 27. Bf3 Qg7 28. Bxe5
Rxe5 29. Rd2 Bxf3 30. Qxf3 Re4 31. Rxd5 Rxd5 32. Qxe4 Rd2 33. Re1 Rd7 34. Qe8+
Kh7 35. Qe4+ Kh8 36. Qf5 Re7 37. Rd1 Qf7 38. Rd8+ Kg7 39. Qd3 Qe6 40. Qd4+ Kg6
41. Rd6 0-1

[Event "57th Biel Rapid Open"]
[Site "Biel SUI"]
[Date "2024.07.14"]
[Round "3.29"]
[White "Menzi, Jonas"]
[Black "Paholok, Igor"]
[Result "1-0"]
[WhiteElo "2100"]
[BlackElo "1801"]
[WhiteFideId "1345133"]
[BlackFideId "1338951"]
[EventDate "2024.07.14"]
[EventType "swiss"]

1. e4 e6 2. d4 b6 3. Bd3 Bb7 4. Nf3 Nf6 5. Qe2 d5 6. e5 Ng8 7. O-O Nc6 8. c3 Be7
9. Ne1 Qd7 10. f4 f5 11. Nf3 Nh6 12. Kh1 Nf7 13. Be3 h6 14. Nbd2 g5 15. b4 g4
16. Ne1 h5 17. Nc2 h4 18. Rfb1 h3 19. g3 Nfxe5 20. fxe5 Nxe5 21. Bf4 Nc4 22. Re1
Kf7 23. Kg1 Nxd2 24. Qxd2 Rhe8 25. Re2 c5 26. bxc5 bxc5 27. Ree1 Bf6 28. Be5
Bxe5 29. Rxe5 Kg6 30. Qf4 Kh5 31. Bxf5 exf5 32. Rxf5+ Kg6 33. Qxg4+ Kh7 34. Rh5# 1-0

[Event "57th Biel Rapid Open"]
[Site "Biel SUI"]
[Date "2024.07.14"]
[Round "3.30"]
[White "Materia, Matteo"]
[Black "Kuhn, Thomas"]
[Result "1/2-1/2"]
[WhiteElo "1860"]
[BlackElo "2094"]
[WhiteFideId "45150575"]
[BlackFideId "1304135"]
[EventDate "2024.07.14"]
[EventType "swiss"]

1. e4 g6 2. d4 Bg7 3. Nc3 c6 4. Be3 d5 5. Qd2 dxe4 6. Nxe4 Nd7 7. Nf3 Ngf6 8.
Nxf6+ Nxf6 9. Bc4 O-O 10. O-O Nd5 11. Bh6 Qd6 12. Bxg7 Kxg7 13. Rfe1 Bg4 14. Ne5
Be6 15. Bb3 Rad8 16. Rad1 Nc7 17. Bxe6 Nxe6 18. c3 Qd5 19. Qc2 a6 20. Qb3 Qxb3
21. axb3 Rd5 22. b4 a5 23. bxa5 Rxa5 24. Ra1 Rfa8 25. Rxa5 Rxa5 26. g3 g5 27.
Re2 h5 28. h3 Nc7 29. Nc4 Ra1+ 30. Kg2 Nd5 31. Ne3 Nxe3+ 32. Rxe3 e6 33. Re2 Kg6
34. Kf3 Kf5 35. g4+ hxg4+ 36. hxg4+ Kf6 37. Kg3 Ke7 38. Kg2 Rb1 39. Kf3 Kd6 40.
Ke4 Rg1 41. f3 Rh1 42. c4 Rh4 43. c5+ Kd7 44. Ke5 Ke7 45. Rg2 Rh3 46. Rf2 f6+
47. Ke4 Rh1 48. Kd3 Re1 49. Kc3 f5 50. Kd3 f4 51. Re2 Rh1 52. Ke4 Kf6 53. Kd3
Rh3 54. Rf2 e5 55. Ke4 exd4 56. Kxd4 Rh1 57. Rd2 Rf1 58. Ke4 Re1+ 59. Kd4 1/2-1/2

[Event "57th Biel Rapid Open"]
[Site "Biel SUI"]
[Date "2024.07.14"]
[Round "3.31"]
[White "Olarte, Stefan"]
[Black "Parlak, Selahattin"]
[Result "1-0"]
[WhiteElo "1902"]
[BlackElo "1805"]
[WhiteFideId "1356232"]
[BlackFideId "1338625"]
[EventDate "2024.07.14"]
[EventType "swiss"]

1. Nf3 d5 2. c4 d4 3. e3 dxe3 4. fxe3 Nc6 5. d4 Bg4 6. Nc3 e6 7. a3 Nf6 8. Bd3
Be7 9. b4 O-O 10. Qc2 Bxf3 11. gxf3 Nxd4 12. exd4 Qxd4 13. Bb2 Rad8 14. O-O-O
Qf4+ 15. Kb1 Qxf3 16. Rhf1 Qh5 17. h3 c6 18. Qe2 Qh4 19. Qf2 Qh6 20. Bc1 Qh5 21.
Qf3 Qe5 22. Bb2 Qg5 23. Rg1 Qh6 24. Ne4 Nxe4 25. Rxg7+ Qxg7 26. Bxg7 Kxg7 27.
Bxe4 Rxd1+ 28. Qxd1 f5 29. Bf3 Rf6 30. Qd7 Kf7 31. Bh5+ Kf8 32. Qe8+ 1-0

[Event "57th Biel Rapid Open"]
[Site "Biel SUI"]
[Date "2024.07.14"]
[Round "3.32"]
[White "Spagnoli, Benjamin"]
[Black "Lyutsinger, Iren"]
[Result "0-1"]
[WhiteElo "1847"]
[BlackElo "2088"]
[WhiteFideId "20667116"]
[BlackFideId "34425969"]
[EventDate "2024.07.14"]
[EventType "swiss"]

1. d4 Nf6 2. Nc3 d5 3. Bf4 c5 4. e4 Nxe4 5. Nxe4 dxe4 6. dxc5 Qxd1+ 7. Rxd1 Bd7
8. c3 Nc6 9. Bc4 Rd8 10. Ne2 e5 11. Be3 f5 12. Bg5 Be7 13. Bxe7 Kxe7 14. O-O Na5
15. Bd5 Bb5 16. Rfe1 Rd7 17. Ng3 g6 18. b3 Rhd8 19. c4 Bc6 20. h4 Bxd5 21. cxd5
Rxd5 22. Rxd5 Rxd5 23. h5 Nc6 24. Rc1 Rd2 25. a4 Nd4 26. hxg6 hxg6 27. b4 Rb2
28. Rc4 Ke6 29. b5 Kd5 30. Rc1 f4 31. c6 bxc6 32. bxc6 Rb8 33. c7 Rc8 0-1

[Event "57th Biel Rapid Open"]
[Site "Biel SUI"]
[Date "2024.07.14"]
[Round "3.33"]
[White "Sadeghi, Hassan Roger"]
[Black "Birchmeier, Martin"]
[Result "1-0"]
[WhiteElo "2057"]
[BlackElo "1860"]
[WhiteFideId "1304712"]
[BlackFideId "1318268"]
[EventDate "2024.07.14"]
[EventType "swiss"]

1. Nc3 d5 2. e4 d4 3. Nce2 c5 4. Ng3 Nc6 5. Bc4 Nf6 6. Nf3 e6 7. c3 b6 8. d3 Bb7
9. cxd4 Nxd4 10. Nxd4 cxd4 11. O-O Be7 12. f4 O-O 13. f5 e5 14. Bd2 Kh8 15. a3
a6 16. b4 b5 17. Bb3 Rc8 18. Qf3 Qb6 19. Ne2 Rc7 20. Rac1 Bd6 21. g4 Rfc8 22. g5
Ne8 23. Qh3 Rxc1 24. Bxc1 Rc7 25. g6 fxg6 26. fxg6 h6 27. Qe6 Nf6 28. Rxf6 1-0

[Event "57th Biel Rapid Open"]
[Site "Biel SUI"]
[Date "2024.07.14"]
[Round "3.34"]
[White "Doxarve, Nils"]
[Black "Chauvon, Guillaume"]
[Result "1-0"]
[WhiteElo "1999"]
[BlackElo "2061"]
[WhiteFideId "1340000"]
[BlackFideId "206784"]
[EventDate "2024.07.14"]
[EventType "swiss"]

1. e4 e5 2. Nf3 Nc6 3. Bb5 a6 4. Ba4 Nf6 5. O-O Be7 6. Re1 b5 7. Bb3 d6 8. c3
O-O 9. d4 Bg4 10. Be3 exd4 11. cxd4 Na5 12. Bc2 Nc4 13. b3 Nxe3 14. Rxe3 c5 15.
dxc5 dxc5 16. Rd3 Qb6 17. e5 Ne4 18. Nc3 c4 19. Re3 Nxc3 20. Rxc3 Bc5 21. Bxh7+
Kh8 22. Bc2 Bxf2+ 23. Kh1 Rad8 24. Qe2 g6 25. e6 Qxe6 26. Qxf2 Qf6 27. Qh4+ Qxh4
28. Nxh4 Rd2 29. bxc4 b4 30. Rg3 Bh5 31. Bb3 Re8 32. Nf3 Rf2 33. h3 Ree2 34. Rd1
Bxf3 35. Rxf3 Rxg2 36. Rd8+ Kg7 37. Rd7 Rh2+ 38. Kg1 Reg2+ 39. Kf1 Rb2 40.
Rdxf7+ Kh6 41. Kg1 Rbg2+ 42. Kf1 Rb2 43. Rf2 Rb1+ 44. Ke2 Rxh3 45. R2f3 Rb2+ 46.
Ke3 Rhh2 47. Kd4 g5 48. R3f6+ Kh5 49. Rh7+ Kg4 50. Rxh2 Rxh2 51. Rxa6 Kf3 52.
Rg6 Rd2+ 53. Ke5 g4 54. c5 g3 55. c6 Re2+ 56. Kf5 Re8 57. c7 Rf8+ 58. Ke5 Kf2
59. Bd5 Re8+ 60. Kd6 1-0

[Event "57th Biel Rapid Open"]
[Site "Biel SUI"]
[Date "2024.07.14"]
[Round "3.35"]
[White "Mikavica, Dragoljub"]
[Black "Bernhard, Simon"]
[Result "1-0"]
[WhiteElo "2025"]
[BlackElo "1801"]
[WhiteFideId "1308726"]
[BlackFideId "1362127"]
[EventDate "2024.07.14"]
[EventType "swiss"]

1. e4 c5 2. Nf3 d6 3. d4 cxd4 4. Nxd4 Nf6 5. Nc3 a6 6. Be3 e5 7. Nb3 Be6 8. Qd2
Be7 9. f3 Nbd7 10. Qf2 d5 11. exd5 Nxd5 12. Nxd5 Bxd5 13. O-O-O Bxb3 14. axb3
O-O 15. Bc4 Qc7 16. Rhe1 b5 17. Bd5 Rac8 18. Kb1 Bc5 19. Bxc5 Nxc5 20. Rd2 Rfd8
21. Red1 g6 22. Qh4 Rd7 23. b4 Na4 24. Bb3 Rxd2 25. Rxd2 Nb6 26. Qf6 Nc4 27. Rd5
Ne3 28. Rc5 Qd8 29. Bxf7+ Kf8 30. Rxc8 Qxc8 31. Be6+ 1-0

[Event "57th Biel Rapid Open"]
[Site "Biel SUI"]
[Date "2024.07.14"]
[Round "3.36"]
[White "Chappaz, Max"]
[Black "Frey, Fabian"]
[Result "0-1"]
[WhiteElo "1854"]
[BlackElo "2184"]
[WhiteFideId "1351567"]
[BlackFideId "1336487"]
[EventDate "2024.07.14"]
[EventType "swiss"]

1. Nf3 Nf6 2. g3 g6 3. Bg2 Bg7 4. O-O O-O 5. d3 Nc6 6. e4 e5 7. Nbd2 h6 8. c3 d6
9. b4 a5 10. b5 Nb8 11. a4 Nbd7 12. d4 b6 13. Ba3 Re8 14. Qc2 Bb7 15. Rfe1 Qe7
16. dxe5 Nxe5 17. Nxe5 Qxe5 18. f4 Qe6 19. e5 Nd5 20. c4 Nb4 21. Bxb4 Bxg2 22.
Kxg2 axb4 23. exd6 Qxd6 24. Rad1 Rxe1 25. Rxe1 Qf6 26. Ne4 Qb2 27. Qxb2 Bxb2 28.
Rb1 Ba3 29. Rb3 Rxa4 30. Nf6+ Kf8 31. Nd5 Ra7 32. Nxb4 Bxb4 33. Rxb4 Ra2+ 34.
Kg1 Rc2 35. Ra4 h5 36. h3 Ke7 0-1

[Event "57th Biel Rapid Open"]
[Site "Biel SUI"]
[Date "2024.07.14"]
[Round "3.37"]
[White "Zargarov, Mikayel"]
[Black "Schmied, Stefan"]
[Result "1-0"]
[WhiteElo "2033"]
[BlackElo "1794"]
[WhiteFideId "1342410"]
[BlackFideId "1335804"]
[EventDate "2024.07.14"]
[EventType "swiss"]

1. d4 d5 2. c4 e6 3. g3 Nf6 4. Bg2 Be7 5. Nf3 O-O 6. O-O dxc4 7. Ne5 c5 8. dxc5
Qc7 9. Nxc4 Qxc5 10. Qb3 Nc6 11. Be3 Nd4 12. Bxd4 Qxd4 13. Nbd2 Nd5 14. e3 Qc5
15. a3 a6 16. Rac1 Qa7 17. e4 b5 18. Na5 Nb6 19. Nc6 Qc7 20. Qe3 Nc4 21. Nxc4
bxc4 22. Nxe7+ Qxe7 23. Rxc4 Bb7 24. Rfc1 Rac8 25. Qb6 Rxc4 26. Rxc4 Rd8 27. h3
g6 28. b4 Rd1+ 29. Kh2 Rd7 1-0

[Event "57th Biel Rapid Open"]
[Site "Biel SUI"]
[Date "2024.07.14"]
[Round "3.38"]
[White "Haist, Gian Nicola"]
[Black "Naarden, Amindo"]
[Result "0-1"]
[WhiteElo "1779"]
[BlackElo "1993"]
[WhiteFideId "1346032"]
[BlackFideId "1018507"]
[EventDate "2024.07.14"]
[EventType "swiss"]

1. e4 d5 2. exd5 Nf6 3. Bc4 Nxd5 4. Nf3 c6 5. h3 e6 6. O-O Bd6 7. d4 Nd7 8. Re1
O-O 9. a4 Qc7 10. c3 b6 11. Nbd2 Bb7 12. Ne4 Bf4 13. Bxf4 Qxf4 14. Qd2 N7f6 15.
Nxf6+ Qxf6 16. Ne5 Rad8 17. Ng4 Qf4 18. Qc2 c5 19. Rad1 h5 20. g3 Qf3 21. Be2
Ne3 22. Bxf3 Nxc2 23. Bxb7 Nxe1 24. Ne5 Nc2 25. Rc1 Nxd4 26. cxd4 Rxd4 27. Bf3
g6 28. Nc6 Rxa4 29. Rd1 Kg7 30. Rd7 a6 31. Nd8 Kf6 32. Nb7 Rd4 33. Rc7 Rd2 34.
Rc6 Rxb2 35. Nd6 Rd8 36. Nc8 Rdd2 0-1

[Event "57th Biel Rapid Open"]
[Site "Biel SUI"]
[Date "2024.07.14"]
[Round "3.39"]
[White "Pisan, Kai"]
[Black "Zarriess, Benjamin"]
[Result "1-0"]
[WhiteElo "2016"]
[BlackElo "1767"]
[WhiteFideId "39904881"]
[BlackFideId "34606645"]
[EventDate "2024.07.14"]
[EventType "swiss"]

1. d4 d5 2. c4 e6 3. Nf3 Nf6 4. g3 Be7 5. Bg2 O-O 6. O-O Nbd7 7. Qc2 c6 8. Nbd2
b6 9. e4 dxc4 10. Nxc4 c5 11. Bf4 Bb7 12. Rfe1 cxd4 13. Nd6 Bxd6 14. Bxd6 Re8
15. e5 Nd5 16. Rad1 Rc8 17. Qb1 Nc5 18. Rxd4 h6 19. Red1 Qd7 20. Rh4 f5 21. exf6
Qxd6 22. Rxh6 Rc7 23. Qh7+ Kf8 24. Qh8+ Kf7 25. Ng5# 1-0

[Event "57th Biel Rapid Open"]
[Site "Biel SUI"]
[Date "2024.07.14"]
[Round "3.40"]
[White "Rahimi, Hamid"]
[Black "Brockmann, Fabian"]
[Result "1/2-1/2"]
[WhiteElo "1740"]
[BlackElo "2003"]
[WhiteFideId "1344838"]
[BlackFideId "4639561"]
[EventDate "2024.07.14"]
[EventType "swiss"]

1. d4 Nf6 2. Nf3 c5 3. e3 g6 4. c4 Bg7 5. Nc3 cxd4 6. Nxd4 O-O 7. Be2 d5 8. O-O
Nc6 9. h3 e5 10. Nxc6 bxc6 11. cxd5 cxd5 12. Qb3 Be6 13. Qa3 a5 14. Bf3 Qb6 15.
Na4 Qb4 16. Qxb4 axb4 17. Nc5 Bf5 18. Bd2 Rfb8 19. g4 Be4 20. Bxe4 Nxe4 21. Nxe4
dxe4 22. Rfc1 Bf8 23. Rc2 Rc8 24. Rxc8 Rxc8 25. Rc1 Ra8 26. a3 bxa3 27. bxa3
Bxa3 28. Ra1 Rd8 29. Bc3 Bd6 30. Rd1 f6 31. Ba5 Ra8 32. Rxd6 Rxa5 33. Rxf6 Kg7
34. Rc6 Ra4 35. g5 h6 36. h4 hxg5 37. hxg5 Kf7 38. Rf6+ Kg7 39. Re6 Ra5 40. Re7+
Kf8 41. Rc7 Ra4 42. Rc5 Ke7 43. Rxe5+ Kd6 44. Rb5 Ke6 45. Kg2 Ra2 46. Kg3 Rc2
47. Rb6+ Kf5 48. Rb5+ Ke6 49. f4 exf3 50. Kxf3 Rc6 51. Kf4 Rc4+ 52. e4 Rc6 53.
Rb8 Ra6 54. Rg8 Kf7 55. Rd8 Ke7 56. Rd5 Ke6 57. Rd4 Rc6 58. e5 Ra6 59. Ke4 Rb6
60. Rc4 Ra6 1/2-1/2

[Event "57th Biel Rapid Open"]
[Site "Biel SUI"]
[Date "2024.07.14"]
[Round "3.41"]
[White "Villiger, Jan"]
[Black "Edoecs, Joseph"]
[Result "1-0"]
[WhiteElo "1805"]
[BlackElo "2015"]
[WhiteFideId "1340891"]
[BlackFideId "1309404"]
[EventDate "2024.07.14"]
[EventType "swiss"]

1. e4 c5 2. Nf3 e6 3. d4 cxd4 4. Nxd4 a6 5. c4 g6 6. Nc3 Bg7 7. Be3 Ne7 8. Be2
O-O 9. O-O b6 10. f4 Bb7 11. Bf3 Nbc6 12. e5 Qc7 13. Nxc6 dxc6 14. Bf2 g5 15.
Ne4 gxf4 16. Nf6+ Bxf6 17. exf6 Nf5 18. Be4 Qe5 19. Qg4+ Kh8 20. Bxf5 Rg8 21.
Qh3 Qxf5 22. Qxf5 exf5 23. c5 f3 24. g3 bxc5 25. Bxc5 f4 26. Rxf3 fxg3 27. Rxg3
Rae8 28. Be7 c5 29. Kf2 h5 30. Rag1 Kh7 31. Rg7+ Rxg7 32. Rxg7+ Kh6 33. Bd6 Re4
34. Rxf7 Bd5 35. Re7 Rxe7 36. fxe7 Bc6 37. Bxc5 Kg6 38. Ke3 Kf7 39. Kf4 Bd5 40.
a3 a5 41. b4 axb4 42. axb4 Bc6 43. Kg5 Bf3 44. b5 Ke8 45. b6 Bc6 46. Kxh5 Kd7
47. Kg5 1-0